000 01866cam a2200181 4500500
005 20260329012556.0
041 _afre
042 _adc
100 1 0 _aGarcia, Eddy
_eauthor
700 1 0 _aStéphany, Éric
_eauthor
245 0 0 _aAu-delà des business plans : intégrer la subjectivité et la narration dans la relation entrepreneur-investisseur
260 _c2026.
500 _a31
520 _aDans la phase de due diligence (audit d’acquisition), les émotions joueraient un rôle déterminant dans les décisions d’investissement des Business Angels. Cet article montre comment l’association du Design Thinking, méthode de travail fondée sur l’empathie, et de la Méthode (C-K), outil de structuration des connaissances et des concepts, peut améliorer la communication entre entrepreneurs et investisseurs. Comment ces approches pourraient-elles réduire l’incertitude et nourrir un dialogue plus transparent en intégrant les aspects subjectifs ? Une grille de lecture opérationnelle articulant émotions et rationalité pourrait s’adapter aux réalités humaines.
520 _aIn the due diligence phase, emotions may play a decisive role in Business Angels’ investment decisions. This article shows how combining Design Thinking - a working method grounded in empathy - and the C-K Method, a tool for structuring knowledge and concepts, can improve communication between entrepreneurs and investors. How might these approaches reduce uncertainty and foster a more transparent dialogue by integrating subjective dimensions ? An operational framework articulating emotions and rationality could be adapted to human realities.
786 0 _nEntreprendre & Innover | 67 | 4 | 2026-02-20 | p. 70-78 | 2034-7634
856 4 1 _uhttps://shs.cairn.info/revue-entreprendre-et-innover-2025-4-page-70?lang=fr&redirect-ssocas=7080
999 _c1872350
_d1872350